000 00588cam a22002053a 4500
001 40426
003 PGUSA
005 20140828083913.0
008 120806s2012||||xxu|||||s|||||000 | eng d
040 _aPGUSA
_beng
042 _adc
100 1 _aWebster, Jean,
_d1876-1916
245 1 0 _aDaddy Long-Legs :
_bA Comedy in Four Acts
_h[electronic resource] /
_cJean Webster
260 _bProject Gutenberg,
_c2012
506 _aPublic domain in the USA.
516 _aElectronic text
830 0 _aProject Gutenberg
_v40426
856 4 0 _uhttp://www.gutenberg.org/ebooks/40426
942 _cEB
999 _c269679
_d269679